[Event "Copenhagen Challenge"]
[Site "Ballerup"]
[Date "2015.04.29"]
[Round "1"]
[White "Hagen, Andreas Skytte"]
[Black "Sorensen, Per Settergren"]
[Result "1-0"]
[WhiteElo "2412"]
[BlackElo "2061"]
[PlyCount "103"]
[EventDate "2015.04.29"]
[EventType "swiss"]
[EventRounds "9"]
[EventCountry "DEN"]
[SourceTitle "CBM 166 Extra"]
[Source "ChessBase"]
[SourceDate "2015.06.18"]
[SourceVersion "1"]
[SourceVersionDate "2015.06.18"]
[SourceQuality "1"]

1. c4 c5 2. g3 g6 3. Bg2 Bg7 4. Nc3 Nc6 5. Nf3 e5 6. 0-0 Nge7 7. Ne1 d6 8. Nc2 Be6 9. Ne3 0-0 10. a3 a5 11. Rb1 Rb8 12. d3 Nd4 13. b4 cxb4 14. axb4 b5 15. bxa5 b4 16. Ncd5 Bxd5 17. Nxd5 Nxd5 18. Bxd5 Qxa5 19. Bd2 Qa2 20. Bxb4 Nxe2+ 21. Kg2 e4 22. dxe4 Nc3 23. Bxc3 Bxc3 24. Rxb8 Rxb8 25. Qf3 Qa5 26. Qxf7+ Kh8 27. Rb1 Qd8 28. Rxb8 Qxb8 29. h4 Bg7 30. h5 gxh5 31. Qxh5 Qf8 32. Bf7 Bd4 33. f4 Kg7 34. Bd5 Qf6 35. Qe8 Kh6 36. Qg8 Qg7 37. Qe6+ Qf6 38. Qg4 Ba1 39. Bg8 Qb2+ 40. Kh3 Qf6 41. Bd5 Bd4 42. Qe2 Kg7 43. Qf3 Qh6+ 44. Kg2 Qg6 45. g4 h6 46. Kg3 Qf6 47. Qb3 Qe7 48. Qb8 Qf8 49. Qc7+ Kf6 50. Qd7 Qe7 51. g5+ hxg5 52. fxg5+ 1-0

[Event "Copenhagen Challenge"]
[Site "Ballerup"]
[Date "2014.05.17"]
[Round "6"]
[White "Sorensen, Per Settergren"]
[Black "Englert, Fabian"]
[Result "0-1"]
[WhiteElo "2021"]
[BlackElo "2310"]
[PlyCount "116"]
[EventDate "2014.05.14"]
[EventType "swiss"]
[EventRounds "9"]
[EventCountry "DEN"]
[SourceTitle "CBM 160 Extra"]
[Source "ChessBase"]
[SourceDate "2014.07.01"]
[SourceVersion "1"]
[SourceVersionDate "2014.07.01"]
[SourceQuality "1"]

1. e4 Nf6 2. e5 Nd5 3. d4 d6 4. c4 Nb6 5. exd6 cxd6 6. Nc3 g6 7. Be3 Bg7 8. b3 0-0 9. Nf3 Bg4 10. Be2 Nc6 11. Rc1 d5 12. c5 Nc8 13. Qd2 e6 14. h3 Bxf3 15. Bxf3 N8e7 16. g4 f5 17. Ne2 fxg4 18. Bxg4 Nf5 19. Bxf5 Rxf5 20. h4 Qf6 21. f4 Bh6 22. b4 a6 23. a4 Rh5 24. b5 axb5 25. axb5 Rxh4 26. Rf1 Ne7 27. c6 bxc6 28. bxc6 Nc8 29. Qb4 Qf8 30. Qb7 Nd6 31. Qd7 Nc4 32. Qxe6+ Qf7 33. Qxf7+ Kxf7 34. Bd2 Rc8 35. Rxc4 dxc4 36. d5 Rh5 37. Nc3 Bg7 38. f5 Rxf5 39. Rxf5+ gxf5 40. Nb5 Be5 41. Bb4 Kf6 42. Nd6 Bxd6 43. Bxd6 Rd8 44. c7 Rc8 45. Bf4 Kf7 46. Kd2 Ke8 47. Kc3 Kd7 48. Kxc4 Re8 49. Kc5 Re4 50. Bd6 Re2 51. Bf4 Re4 52. Bd6 h5 53. Kb6 Rc4 54. Bc5 Rxc5 55. Kxc5 Kxc7 56. d6+ Kd7 57. Kd4 Kxd6 58. Ke3 Ke5 0-1

[Event "Copenhagen Challenge"]
[Site "Ballerup"]
[Date "2014.05.15"]
[Round "2"]
[White "Sorensen, Per Settergren"]
[Black "Kistrup, Nicolai"]
[Result "1-0"]
[WhiteElo "2021"]
[BlackElo "1721"]
[PlyCount "65"]
[EventDate "2014.05.14"]
[EventType "swiss"]
[EventRounds "9"]
[EventCountry "DEN"]
[SourceTitle "CBM 160 Extra"]
[Source "ChessBase"]
[SourceDate "2014.07.01"]
[SourceVersion "1"]
[SourceVersionDate "2014.07.01"]
[SourceQuality "1"]

1. e4 c5 2. Nf3 d6 3. d4 cxd4 4. Nxd4 Nf6 5. Nc3 g6 6. Be3 Bg7 7. f3 Nc6 8. Qd2 Bd7 9. Bc4 a6 10. Bb3 Rc8 11. 0-0-0 Ne5 12. Bh6 0-0 13. h4 Nc4 14. Bxc4 Rxc4 15. Bxg7 Kxg7 16. h5 Qa5 17. Nb3 Qc7 18. hxg6 fxg6 19. g4 Be6 20. Rh2 Rc8 21. Nd4 Bf7 22. Qh6+ Kg8 23. Nf5 gxf5 24. gxf5 Kh8 25. Rg1 Rg8 26. Rxg8+ Bxg8 27. Rg2 Ne8 28. Qg5 Bf7 29. Nd5 Qa5 30. c3 b5 31. Qxe7 Ng7 32. Qf8+ Bg8 33. Qxg7# 1-0

[Event "Nordea Cup-A"]
[Site "Hillerod"]
[Date "2013.05.28"]
[Round "5"]
[White "Tandrup, Michael"]
[Black "Sorensen, Per Settergren"]
[Result "1/2-1/2"]
[WhiteElo "1977"]
[BlackElo "2006"]
[PlyCount "21"]
[EventDate "2013.04.30"]
[EventType "tourn"]
[EventRounds "7"]
[EventCountry "DEN"]
[SourceTitle "EXT 2018"]
[Source "ChessBase"]
[SourceDate "2017.10.13"]
[SourceVersion "1"]
[SourceVersionDate "2017.10.13"]
[SourceQuality "1"]

1. d4 Nf6 2. Nf3 e6 3. g3 c5 4. c3 Nc6 5. Bg2 d5 6. 0-0 Be7 7. Nbd2 0-0 8. dxc5 Bxc5 9. Nb3 Be7 10. Nbd4 Qb6 11. Qb3 1/2-1/2

[Event "Nordea Cup-A"]
[Site "Hillerod"]
[Date "2013.05.07"]
[Round "2"]
[White "Sorensen, Per Settergren"]
[Black "Pedersen, Christopher RNH"]
[Result "1-0"]
[WhiteElo "2006"]
[BlackElo "2042"]
[PlyCount "51"]
[EventDate "2013.04.30"]
[EventType "tourn"]
[EventRounds "7"]
[EventCountry "DEN"]
[SourceTitle "EXT 2018"]
[Source "ChessBase"]
[SourceDate "2017.10.13"]
[SourceVersion "1"]
[SourceVersionDate "2017.10.13"]
[SourceQuality "1"]

1. d4 Nf6 2. Nf3 g6 3. c4 Bg7 4. Nc3 d6 5. g3 0-0 6. Bg2 Nc6 7. 0-0 e5 8. d5 Na5 9. Nd2 c5 10. Qc2 a6 11. e4 Bd7 12. b3 Nh5 13. Bb2 f5 14. exf5 gxf5 15. f4 exf4 16. gxf4 Bd4+ 17. Kh1 Qe8 18. Nf3 Nxf4 19. Nxd4 cxd4 20. Rxf4 Qe5 21. Raf1 Rae8 22. Nd1 Qe2 23. Qc1 b5 24. Bxd4 bxc4 25. Qc3 Nb7 26. Qg3+ 1-0

[Event "Nordea Cup-A"]
[Site "Hillerod"]
[Date "2013.04.30"]
[Round "1"]
[White "Sorensen, Per Settergren"]
[Black "Jacobsen, Hans Endrup"]
[Result "1/2-1/2"]
[WhiteElo "2006"]
[BlackElo "1956"]
[PlyCount "77"]
[EventDate "2013.04.30"]
[EventType "tourn"]
[EventRounds "7"]
[EventCountry "DEN"]
[SourceTitle "EXT 2018"]
[Source "ChessBase"]
[SourceDate "2017.10.13"]
[SourceVersion "1"]
[SourceVersionDate "2017.10.13"]
[SourceQuality "1"]

1. d4 Nf6 2. Nf3 e6 3. c4 Bb4+ 4. Bd2 Qe7 5. g3 0-0 6. Nc3 c5 7. a3 Bxc3 8. Bxc3 Ne4 9. Rc1 d6 10. Bg2 Nxc3 11. Rxc3 e5 12. dxe5 dxe5 13. 0-0 Nc6 14. e3 Bg4 15. Qc2 Rad8 16. Nd2 Qd7 17. Ne4 b6 18. Qa4 Ne7 19. Qxd7 Rxd7 20. b4 cxb4 21. axb4 Rfd8 22. h3 Be2 23. Re1 Rd1 24. Rxd1 Rxd1+ 25. Kh2 f5 26. Rc2 Bd3 27. Rd2 Rxd2 28. Nxd2 e4 29. g4 g6 30. gxf5 gxf5 31. f3 Nc6 32. fxe4 Nxb4 33. exf5 Bxf5 34. Kg3 Kf7 35. Kf4 Ke6 36. e4 Bg6 37. Bf1 a5 38. c5 bxc5 39. Bb5 1/2-1/2

[Event "DEN-ch2A"]
[Site "Helsingor"]
[Date "2013.03.30"]
[Round "4"]
[White "Sorensen, Per Settergren"]
[Black "Pedersen, Niels"]
[Result "1/2-1/2"]
[WhiteElo "2042"]
[BlackElo "2021"]
[PlyCount "158"]
[EventDate "2013.03.28"]
[EventType "swiss"]
[EventRounds "5"]
[EventCountry "DEN"]
[SourceTitle "EXT 2014"]
[Source "ChessBase"]
[SourceDate "2013.11.20"]
[SourceVersion "1"]
[SourceVersionDate "2013.11.20"]
[SourceQuality "1"]

1. e4 c5 2. Nf3 Nc6 3. d4 cxd4 4. Nxd4 d6 5. Nc3 Bd7 6. g3 Nf6 7. Bg2 Rc8 8. 0-0 a6 9. h3 Qb6 10. Nxc6 Bxc6 11. Nd5 Bxd5 12. exd5 g6 13. b3 Bg7 14. Bb2 0-0 15. Re1 Rfe8 16. c4 Nh5 17. Bxg7 Nxg7 18. Qd2 Nf5 19. Rad1 Nxg3 20. Qg5 Nf5 21. Be4 Ng7 22. Bf3 Qd8 23. Qf4 h5 24. Re2 Qd7 25. Kh2 Qf5 26. Qg3 h4 27. Qg4 Qxg4 28. hxg4 g5 29. Rd4 f6 30. Rb2 Rc7 31. b4 b5 32. cxb5 axb5 33. Be2 Rb8 34. f4 Ne8 35. Bd3 Rc3 36. Rc2 Rxc2+ 37. Bxc2 Ra8 38. Bb3 Rc8 39. Rd3 Rc1 40. a4 Nc7 41. axb5 Nxb5 42. fxg5 fxg5 43. Ba4 Nc3 44. Bc6 Rc2+ 45. Kh1 Ne4 46. Rb3 Ng3+ 47. Kg1 Ne2+ 48. Kh1 Nd4 49. Re3 Kf7 50. Bd7 Rb2 51. b5 Kf6 52. Be8 e5 53. dxe6 Nxe6 54. Bc6 Nd4 55. Rd3 Nxb5 56. Rd5 Nc3 57. Rf5+ Ke6 58. Rxg5 d5 59. Rh5 Kd6 60. Rh6+ Ke5 61. Rxh4 Kf4 62. Rh3 d4 63. Rd3 Ne2 64. Bf3 Ng3+ 65. Kg1 Rb4 66. Kf2 Ne4+ 67. Bxe4 Kxe4 68. Ra3 Rb2+ 69. Ke1 Rg2 70. Kd1 Rxg4 71. Rb3 Rg2 72. Ra3 Rg1+ 73. Kd2 Rg2+ 74. Kd1 Rf2 75. Rb3 Rf3 76. Rb8 Ra3 77. Rh8 Ra2 78. Rh3 d3 79. Rh8 d2 1/2-1/2